=LDR 00000nam 2200000 4500 =001 INLIS000000000048230 =005 20200910074738 =035 ##$$a 0010-091600000000047 =008 200910###########################0###### =082 ##$$a 2x7.1-Das-s =100 ##$$a Thawil Akhyar Dasoeki =245 1#$$a Sebuah kompilasi filsafat islam =250 ##$$a Cet. 1 =260 ##$$a Semarang :$b Dina Utama,$c 1993 =300 ##$$a 229 Hlm ; $c 21 Cm =850 ##$$a BPAP =990 ##$$a 0001/BPAP-NTB/2016